Wird geladen...
LEADER 00729nam a22001817a 4500
082 |a 894.M2  |b PAP/Y L7 
100 |a അരിമ്പൂ൪ പാപ്പച്ച൯  |9 180720 
100 |a Arimbbur Pappachan   |9 180721 
240 |a Yaathra 
245 |a യാത്ര 
250 |a 1st 
260 |a Trichur;  |b Amina Book Stall;  |c 1977 
300 |a 112p. 
650 |a മലയാളം സാഹിത്യം; മലയാളം നാടകം  |9 180722 
650 |a Malayalam Literature; Malayalam Drama; Malayalam Play  |9 180723 
942 |c BK 
999 |c 37616  |d 37616 
952 |0 0  |1 0  |4 0  |6 894_000000000000000_M2_PAP_Y_L7  |7 0  |8 DRA  |9 42291  |a MAL  |b MAL  |d 2015-06-17  |e 23092  |g 5.00  |l 0  |o 894.M2 PAP/Y L7  |p MAL023092  |r 2015-06-17  |t 1  |w 2015-06-17  |y BK